LDR 00689naa#a2200169#i#450# 001 RU\\bibl\114106 005 20260415205624.3 011 ## _a2713-1424 100 ## _a20260407b2026####ek#y0rusy0150####ca 102 ## _aRU 200 1# _aИСПОЛЬЗОВАНИЕ МЕТОДА АНАЛОГИЙ В МЕЖДИСЦИПЛИНАРНЫХ ИССЛЕДОВАНИЯХ _eЖурнальная статья 210 1# _aМосква _cЭлектронная наука _d2026 215 ## _a13 с. 608 ## _aЖурнальная статья _2local 675 ## _aИсследование различных географических объектов. 910.3 _z 700 #1 _aРодоманская _gС. А. 856 4# _amshj.ru _u